<?xml version="1.0" encoding="UTF-8"?>
<record
    xmlns:xsi="http://www.w3.org/2001/XMLSchema-instance"
    xsi:schemaLocation="http://www.loc.gov/MARC21/slim http://www.loc.gov/standards/marcxml/schema/MARC21slim.xsd"
    xmlns="http://www.loc.gov/MARC21/slim">

  <leader>02682agaaa2200349   4500</leader>
  <controlfield tag="001">8011</controlfield>
  <controlfield tag="003">IT-RoPAU</controlfield>
  <controlfield tag="005">20220918181231.0</controlfield>
  <controlfield tag="007">d cvaizq</controlfield>
  <controlfield tag="008">50131s9999||||xx ||| |     ||   ||und||</controlfield>
  <datafield tag="040" ind1=" " ind2=" ">
    <subfield code="a">IT-RoPAU</subfield>
    <subfield code="c">IT-RoPAU</subfield>
  </datafield>
  <datafield tag="041" ind1=" " ind2=" ">
    <subfield code="a">ITALIANO</subfield>
  </datafield>
  <datafield tag="100" ind1=" " ind2=" ">
    <subfield code="a">Jordan Neil</subfield>
    <subfield code="g">Codice regista SPICS: 10265</subfield>
    <subfield code="9">40587</subfield>
  </datafield>
  <datafield tag="130" ind1=" " ind2=" ">
    <subfield code="a">NON SIAMO ANGELI</subfield>
    <subfield code="9">40588</subfield>
  </datafield>
  <datafield tag="240" ind1=" " ind2=" ">
    <subfield code="a">WE'RE NO ANGELS</subfield>
    <subfield code="g">T3714</subfield>
  </datafield>
  <datafield tag="245" ind1=" " ind2=" ">
    <subfield code="a">NON SIAMO ANGELI</subfield>
    <subfield code="c">Prodotto da: Linson Art -- Sceneggiatura: Mamet David -- Diretto da: Jordan Neil</subfield>
    <subfield code="p">NON SIAMO ANGELI (Rif. Codice opera principale : H8011)</subfield>
  </datafield>
  <datafield tag="246" ind1=" " ind2=" ">
    <subfield code="a">WE'RE NO ANGELS</subfield>
  </datafield>
  <datafield tag="250" ind1=" " ind2=" ">
    <subfield code="a">Edizione Standard</subfield>
  </datafield>
  <datafield tag="260" ind1=" " ind2=" ">
    <subfield code="a">(USA)</subfield>
    <subfield code="b">PARAMOUNT / Distribuzione: MONDADORI</subfield>
    <subfield code="g">"1989 (1&#xB0; ed.: 2007 ; Ed. Lingua Orig.: 1989)"</subfield>
  </datafield>
  <datafield tag="300" ind1=" " ind2=" ">
    <subfield code="a">DVD</subfield>
    <subfield code="b">sonoro, col.</subfield>
    <subfield code="c">102 minuti</subfield>
  </datafield>
  <datafield tag="508" ind1=" " ind2=" ">
    <subfield code="a">"Fotografia: Rousselot Philippe; Montaggio: Audsley M Van Wijk J; Musica: Fenton George; Sceneggiatura: Mamet David; Scenografia: Kroeger Wolf; Soggetto: Husson Albert -- Mamet David"</subfield>
  </datafield>
  <datafield tag="511" ind1=" " ind2=" ">
    <subfield code="a">"De; Niro Robert; Penn Sean; Moore Demi; Axton Hoyt; Kirby Bruno; Rosso James; Buhay Ken"</subfield>
  </datafield>
  <datafield tag="520" ind1=" " ind2=" ">
    <subfield code="a">"NEL 1935 3 DETENUTI EVADONO DA UN'ORRIBILE CARCERE AL CONFINE AMERICANO-CANADESE IN MODO ROCAMBOLESCO. UNO DI LORO, BOBBY, SPIETATO, PER EVITARE LA SEDIA ELETTRICA FA STRAGE DI POLIZIOTTI E DI CHIUNQUE CERCHI DI FERMARLO. GLI ALTRI DUE, JIM E NED, INOFFENSIVI SI RITROVANO AD ACCOMPAGNARLO LORO MALGRADO. FUORI DEL PENITENZIARIO I 3 SI SEPARANO: BOBBY VA PER LA SUA STRADA, GLI ALTRI DUE SI AVVIANO VERSO UN PAESINO DELLA FRONTIERA. QUI VENGONO SCAMBIATI PER DUE SACERDOTI. PADRE BROWN E PADRE REILLY, ACCORSI SUL POSTO IN OCCASIONE DELLA FESTA DELLA MADONNA CHE PIANGE. IN QUESTA SITUAZIONE JIM SEMBRA TROVARSI SUBITO A SUO AGIO, E CON LA SUA INVIDIABILE CAPACITA' DI FARE RIFLESSIONI BIBLICHE ATTRAE LA SIMPATIA E LA STIMA DELLA GENTE. DURANTE LA PROCESSIONE SOLENNE SUCCEDE UN PANDEMONIO E PER SALVARE UNA BAMBINA SORDUMUTA VENGONO SCOPERTI. ORMAI PERO' SONO AMATI DA TUTTI E IL VESCOVO STESSO LIPERDONA. I DUE AMICI DECIDONO DI DIVIDERSI: JIM SI FARA' PRETE SUL SERIO ERIMARRA' NEL PAESE; NED INVECE SI AVVIA VERSO IL CANADA INSIEME A MOLLY E ALLA SUA BAMBINA, GUARITA MIRACOLOSAMENTE."</subfield>
  </datafield>
  <datafield tag="538" ind1=" " ind2=" ">
    <subfield code="a">PAL, STEREO</subfield>
  </datafield>
  <datafield tag="546" ind1=" " ind2=" ">
    <subfield code="a">ITALIANO</subfield>
  </datafield>
  <datafield tag="650" ind1=" " ind2=" ">
    <subfield code="a">COMMEDIA - GIALLO</subfield>
    <subfield code="e">DVD-FILM [DVD]</subfield>
    <subfield code="x">Codice MATERIA SPICS: 9947</subfield>
    <subfield code="9">40589</subfield>
  </datafield>
  <datafield tag="700" ind1=" " ind2=" ">
    <subfield code="a">Fenton George</subfield>
    <subfield code="e">(musica)</subfield>
    <subfield code="g">Codice Musica SPICS: 40807</subfield>
    <subfield code="9">40590</subfield>
  </datafield>
  <datafield tag="700" ind1=" " ind2=" ">
    <subfield code="a">Husson Albert </subfield>
    <subfield code="e">(soggetto)</subfield>
    <subfield code="g">Codice Soggetto SPICS: 59200</subfield>
    <subfield code="9">40591</subfield>
  </datafield>
  <datafield tag="700" ind1=" " ind2=" ">
    <subfield code="a">Jordan Neil </subfield>
    <subfield code="e">(regista)</subfield>
    <subfield code="g">Codice regista SPICS: 10265</subfield>
    <subfield code="9">40592</subfield>
  </datafield>
  <datafield tag="700" ind1=" " ind2=" ">
    <subfield code="a">Mamet David </subfield>
    <subfield code="e">(soggetto)</subfield>
    <subfield code="g">Codice Soggetto 2&#xB0; SPICS: 18279</subfield>
    <subfield code="9">40593</subfield>
  </datafield>
  <datafield tag="942" ind1=" " ind2=" ">
    <subfield code="c">DV</subfield>
    <subfield code="2">ddc</subfield>
  </datafield>
  <datafield tag="999" ind1=" " ind2=" ">
    <subfield code="c">105293</subfield>
    <subfield code="d">105293</subfield>
  </datafield>
  <datafield tag="952" ind1=" " ind2=" ">
    <subfield code="0">0</subfield>
    <subfield code="1">0</subfield>
    <subfield code="4">0</subfield>
    <subfield code="6">H_8011_000000000000000</subfield>
    <subfield code="7">1</subfield>
    <subfield code="a">SPICS</subfield>
    <subfield code="b">SPICS</subfield>
    <subfield code="d">2015-01-31</subfield>
    <subfield code="l">0</subfield>
    <subfield code="o">H8011</subfield>
    <subfield code="r">2015-01-31 00:00:00</subfield>
    <subfield code="w">2015-01-31</subfield>
    <subfield code="y">DV</subfield>
    <subfield code="z">Progr. Ins.: 3661 / N.Vol.:1 / Copie: 1 / Pag.:0 / Copia rara: n.d. / date import: 1.2.2015 / By Epidotti, Trombetti, Vaglietti</subfield>
  </datafield>
</record>
